Collar rot, dry rot or charcoal rot (Record no. 55840)

MARC details
000 -LEADER
fixed length control field 00454nam a2200181Ia 4500
100 ## - MAIN ENTRY--AUTHOR NAME
Personal name Ramakrishnan T S
245 #0 - TITLE STATEMENT
Title Collar rot, dry rot or charcoal rot
260 ## - PUBLICATION, DISTRIBUTION, ETC. (IMPRINT)
Name of publisher Rubber Board Bulletin
Year of publication 1961
300 ## - PHYSICAL DESCRIPTION
Number of Pages 88-91
650 ## - SUBJECT ADDED ENTRY--TOPICAL TERM
Topical Term Charcoal rot
650 ## - SUBJECT ADDED ENTRY--TOPICAL TERM
Topical Term Collar rot
650 ## - SUBJECT ADDED ENTRY--TOPICAL TERM
Topical Term Disease control
650 ## - SUBJECT ADDED ENTRY--TOPICAL TERM
Topical Term Dry rot
650 ## - SUBJECT ADDED ENTRY--TOPICAL TERM
Topical Term Hevea brasiliensis
700 ## - ADDED ENTRY--PERSONAL NAME
Personal name Pillai P N R
942 ## - ADDED ENTRY ELEMENTS (KOHA)
Koha item type Journals
Holdings
Withdrawn status Lost status Damaged status Not for loan Home library Current library Shelving location Date acquired Serial Enumeration / chronology Koha item type
      Journals RRII Library RRII Library Pathology 17/12/2021 Volume 5, Issue 2 Journals